000 01564nam2a2200265 4500
001 RU\NLR\BIBL_A\022321156
005 20260426065625.0
010 _a978-5-00187-910-7
_9300
021 _aRU
_bКН-П-24-043996
_9КН-П-24-4380
035 _a(NLR Aleph) 022321156
090 _a13690960
_c13690960
100 _a20240912d2024 u y0rusy50 ca
101 0 _arus
102 _aRU
105 _aa z 000gy
200 0 _aВып. 3
_fсост.: Г. Макушкина
210 _d2024
215 _a187 с.
_cил.
327 0 _aСодерж.: авт.: Марьям Аверина-Каюмова, Аида Акулова, Олеся Алабужина, Екатерина Алёшина, Анна Андим, Зинаида Ахидова, Ирина Бабина, Николай и Дарья Берсень, Елена Богомолова, Светлана Борзова [и др.]
461 0 _1001RU\NLR\BIBL_A\012856743
_12001#$aПро100 детям$eстихотворения для детей$eсборник$fсост.: Ю. И. Рущак, М. В. Соседко$g[художник: Алиса Дьяченко]$vВып. 3
_912444951
_cНовокузнецк
_d2021
_fсост.: Ю. И. Рущак, М. В. Соседко
_nСоюз писателей
_oстихотворения для детей : сборник
_tПро100 детям
_vВып. 3
702 1 _4220
_7ca
_8rus
_aМак
_bГ.
_cпсевдоним
_gГалина
_9252317
_3RU\NLR\AUTH\770252373
942 _cBOOK
980 _aNB